Antenna and Wave Propagation / (Record no. 182908)
[ view plain ]
| 000 -LEADER | |
|---|---|
| fixed length control field | 00906 a2200193 4500 |
| 003 - CONTROL NUMBER IDENTIFIER | |
| control field | Nust |
| 005 - DATE AND TIME OF LATEST TRANSACTION | |
| control field | 20230222124748.0 |
| 040 ## - CATALOGING SOURCE | |
| Transcribing agency | Nust |
| 082 ## - DEWEY DECIMAL CLASSIFICATION NUMBER | |
| Classification number | 621.3822,SIN |
| 100 ## - MAIN ENTRY--PERSONAL NAME | |
| Personal name | Sinha Umesh |
| 9 (RLIN) | 102370 |
| 245 ## - TITLE STATEMENT | |
| Title | Antenna and Wave Propagation / |
| Statement of responsibility, etc. | Sinha Umesh |
| 250 ## - EDITION STATEMENT | |
| Edition statement | 2nd ed |
| 260 ## - PUBLICATION, DISTRIBUTION, ETC. | |
| Place of publication, distribution, etc. | McGraw-Hill Book Company |
| Name of publisher, distributor, etc. | India |
| Date of publication, distribution, etc. | 1992 |
| 300 ## - PHYSICAL DESCRIPTION | |
| Extent | xi, 939 p |
| Other physical details | illus |
| Dimensions | 24 cm |
| 505 ## - FORMATTED CONTENTS NOTE | |
| Formatted contents note | Microwave Antenna (Page-15), Broadband Antenna (Page-112), Receiving Antennas (Page-210), Antenna Measurements (Page-350), Design and Construction of Antennas (Page-435), Misc Antennas (Page-712), Wave Propagation (Page-731), Ground Wave Propagation (Page-744), Sky Wave Propagation (Page-772), Space Wave Propagation (Page-808), Troposcatter and Sporadic-E-Propagation (Page-834), Satellite Communication (Page-861). |
| 600 ## - SUBJECT ADDED ENTRY--PERSONAL NAME | |
| Personal name | Sinha Umesh |
| 9 (RLIN) | 102370 |
| 650 ## - SUBJECT ADDED ENTRY--TOPICAL TERM | |
| Topical term or geographic name entry element | Telecommunication engineering |
| 942 ## - ADDED ENTRY ELEMENTS (KOHA) | |
| Source of classification or shelving scheme | |
| Koha item type | Book |
| Withdrawn status | Lost status | Source of classification or shelving scheme | Damaged status | Not for loan | Permanent Location | Current Location | Shelving location | Date acquired | Full call number | Barcode | Date last seen | Price effective from | Koha item type | Public note |
|---|---|---|---|---|---|---|---|---|---|---|---|---|---|---|
| Military College of Signals (MCS) | Military College of Signals (MCS) | General Stacks | 12/12/2016 | 621.3822,SIN | MCS897 | 12/08/2016 | 12/12/2016 | Book | Almirah No.71, Shelf No.4 |
